| 000 | 00943nam a2200193 a 4500 | ||
|---|---|---|---|
| 082 | 0 | 0 |
_a624.1762 _bPRO |
| 245 | 1 | 0 |
_aProceedings of the Tom Paulay Symposium "Recent Developments in Lateral Force Transfer in Buildings" : _bSeptember 20-22, 1993, La Jolla, California / _csponsored by American Concrete Institute, Earthquake Engineering Research Institute, University of California, San Diego, |
| 260 |
_a[Detroit : _bAmerican Concrete Institute], _cc1995. |
||
| 300 |
_aix, 516 p. : _bill. ; _c28 cm. |
||
| 526 |
_a0 _b0 _c0 _d624_176200000000000_PRO |
||
| 650 | 0 |
_aBuildings _xEarthquake effects _xCongresses. _942823 |
|
| 650 | 0 |
_aEarthquake resistant design _xCongresses. _946610 |
|
| 650 | 0 |
_aLateral loads _xCongresses. _946705 |
|
| 650 | 0 |
_aMCE _9379 |
|
| 710 | 2 |
_aAmerican Concrete Institute. _937057 |
|
| 710 | 2 |
_aEarthquake Engineering Research Institute. _946706 |
|
| 710 | 2 |
_aUniversity of California, San Diego. _946707 |
|
| 942 |
_2ddc _cBK |
||
| 999 |
_c549971 _d549971 |
||